UBT Library

Emerging policies for biomedical research / (Record no. 43300)

000 -LEADER
fixed length control field 00870cam a2200277 a 4500
001 - CONTROL NUMBER
control field 2999400
005 - DATE AND TIME OF LATEST TRANSACTION
control field 20180223081737.0
008 - FIXED-LENGTH DATA ELEMENTS--GENERAL INFORMATION
fixed length control field 940526s1993 dcu ab 000 0 eng d
010 ## - LIBRARY OF CONGRESS CONTROL NUMBER
LC control number 93071077
020 ## - INTERNATIONAL STANDARD BOOK NUMBER
International Standard Book Number 1879694069
035 ## - SYSTEM CONTROL NUMBER
System control number (OCoLC)29624244
040 ## - CATALOGING SOURCE
Original cataloging agency ScCM
Transcribing agency ScCM
Modifying agency DLC
041 ## - LANGUAGE CODE
Language code of text/sound track or separate title eng
042 ## - AUTHENTICATION CODE
Authentication code lccopycat
043 ## - GEOGRAPHIC AREA CODE
Geographic area code n-us---
060 #0 - NATIONAL LIBRARY OF MEDICINE CALL NUMBER
Classification number W1
Item number HE474L v.3 1993 [W 20.5 E53 1993]
080 ## - UNIVERSAL DECIMAL CLASSIFICATION NUMBER
Universal Decimal Classification number 610.72073 KEL
082 00 - DEWEY DECIMAL CLASSIFICATION NUMBER
Classification number 610.72073 KEL
Edition number 20
100 ## - Rafti
Rafti 3
101 ## - Shkurtesa
Shkurtesa SHM
245 00 - TITLE STATEMENT
Title Emerging policies for biomedical research /
Statement of responsibility, etc William N. Kelley, Marian Osterweis, Elaine R. Rubin, editors.
504 ## - BIBLIOGRAPHY, ETC. NOTE
Bibliography, etc Includes bibliographical references (p. 259-266).
906 ## - LOCAL DATA ELEMENT F, LDF (RLIN)
a 7
b cbc
c copycat
d 2
e opcn
f 19
g y-gencatlg
942 ## - ADDED ENTRY ELEMENTS (KOHA)
Source of classification or shelving scheme
Item type Books
Holdings
Withdrawn status Lost status Source of classification or shelving scheme Damaged status Not for loan Collection code Permanent location Current location Shelving location Date acquired Total Checkouts Full call number Barcode Date last seen Price effective from Koha item type
          Koleksioni i përgjithshem UBT - Lipjan UBT - Lipjan Koleksioni i përgjithshem 02/23/2018   610.72073 KEL 002-2999576 02/23/2018 02/23/2018 Books
UBT Library © 2015-2024. All rights reserved University Education for Business and Technology